000 00763nam a2200205Ia 4500
001 17211
003 GE_BSU
008 181216s||||||||xx |||||||||||||| ||und||
040 _cGE_BSU
080 _a94(479.22)"1879-1894" + 821.353.1-94
100 _aდავითაშვილი, შიო
245 _aხალხოსნური მოძრაობა საქართველოში
245 _bმოგონებანი
260 _aტფილისი
260 _bპოლიტ-კატორღელთა საზ-ბის გამ-მა
260 _c1933
300 _a122გვ. ; 18სმ
653 _aხალხოსნური მოძრაობა საქართველოში
942 _cBK
999 _c50272
_d50272